James Bond films - Very Very Difficult - Statistics

General Stats
  • This quiz has been taken 245 times
  • The average score is 3 of 15
Answer Stats
Hint Answer % Correct
From which agent's body does Bond recover a microchip at the start of A View To A Kill? 003
70%
Which winning hand finally ends the epic Poker game in Casino Royale? A straight flush
57%
In which year was Bill Fairbanks (agent 002) killed by Francisco Scaramanga? 1969
51%
Who is killed by the poisonous blade of a shoe dagger? Kronsteen
41%
What was the first name of James Bond's mother? Monique
21%
What is the name of the operation to track Blofeld in On Her Majesty's Secret Service? Operation Bedlam
16%
What is the real name of the terrorist known by the nickname 'Renard'? Victor Zokas
15%
What is the full name of the NSA agent known as Jinx? Giacinta Johnson
9%
What are the names of the two 'sisters' who welcome Bond and Honey to Dr. No's lair? Sister Rose and Sister Lily
9%
On which ship did Bond serve during his Royal Navy career? HMS Ark Royal
8%
At which college did Dr. Holly Goodhead claim she learnt unarmed combat? Vassar
7%
How much did The Lady Rose cost at auction in New York? $150,000
6%
Who has the code name 'Black King'? Admiral Roebuck
6%
Which SPECTRE spacecraft 'swallows' other space vehicles in You Only Live Twice? Bird 1
6%
Which cruise ship do Bond and Tiffany Case travel to England on? SS Canberra
4%
No matching quizzes found
Score Distribution
Percent of People with Each Score
Percentile by Number Answered
Your Score History
You have not taken this quiz